| 000 | 00857nam0a22002291 4500 | ||
|---|---|---|---|
| 001 | v19\rc\1226820 | ||
| 005 | 20250620054548.0 | ||
| 035 | _a(NLR Aleph) 005196477 | ||
| 090 |
_a5265600 _c5265600 |
||
| 100 | _a20060306d1879 |||y0rusy50 ca | ||
| 101 | 1 |
_arus _cund |
|
| 102 | _aRU | ||
| 105 | _ay b ||||| | ||
| 200 | 1 |
_aБолезни мочевого пузыря и мочеиспускательного канала _fПер. со 2-го изд. 1878 г. Д.Г. Фридберг, под ред. В.Г. Лашкевича, И.К. Зарубина и Б.А. Хавкина |
|
| 210 |
_aХарьков _d1879 |
||
| 700 | 1 |
_aЛеберт _bГ. _f1813-1878 _gГерман |
|
| 801 | 0 |
_aRU _bNLR _c20060306 _gpsbo |
|
| 801 | 1 |
_aRU _bProSoft-M _c20060306 _2rusmarc |
|
| 801 | 2 |
_aRU _bNLR _c20070403 _2rusmarc |
|
| 852 |
_aNLR _j18.170.7.1 -10 |
||
| 942 | _cBOOK | ||
| 980 | _aNB | ||